000 00678 a2200217 4500
020 _a0071350047
040 _aDLC
082 0 0 _a519.5
100 1 _aSpiegel, Murray R.
245 1 0 _aSchaums outline of theory and problems of probability and statistics
_cMurray R. Spiegel, Alu Srinivasan, John J. Schiller.
250 _a2nd ed.
260 _aIslamabad :
_bNational Book Foundation,
_cc2000.
300 _aviii, 408 p. :
_bill. ;
_c28 cm.
490 0 _aSchaum's outline series
500 _aIncludes index.
650 0 _aProbabilities
650 0 _aMathematical statistics
700 1 _aSrinivasan, R. Alu.
700 1 _aSchiller, John J.
942 _cBK
_k519.5 SPI
_2ddc
999 _c7727
_d7727